| 000 | 00812nam a2200265 i 4500 | ||
|---|---|---|---|
| 001 | 186626 | ||
| 003 | SpMaBN | ||
| 005 | 20260525062938.0 | ||
| 008 | 161209s1967 sp |||| | spa d | ||
| 080 | _a595.799 | ||
| 080 | _a113/119 | ||
| 080 | _a821.133.1(493)-96"19" | ||
| 100 | 1 |
_aMaeterlinck, Maurice. _975418 |
|
| 245 | 1 | 3 |
_aLa vida de las abejas / _cMauricio Maeterlinck ; [traducido por Pedro de Tornamira]. |
| 250 | _a3ª ed. | ||
| 260 |
_aMadrid : _bEspasa-Calpe, _c1967. |
||
| 300 |
_a216 p. ; _c18 cm. |
||
| 490 | 1 |
_aColección austral ; _v606 |
|
| 504 | _aBibliografía: p. [213]-216. | ||
| 650 | 7 |
_aAbejas. _9146657 |
|
| 650 | 7 |
_aFilosofía de la naturaleza _2embne _912839 |
|
| 830 | 0 |
_aColección austral _v606 _9177655 |
|
| 852 |
_aES-MaACL _jL-31015 |
||
| 999 |
_c186626 _d186626 |
||